Thermal technologies in food processing

Gorde:
Xehetasun bibliografikoak
Egile nagusia: Richardson, Philip (Egilea)
Formatua: Liburua
Hizkuntza:ingelesa
Argitaratua: Boca Ratón CRC 2001
Saila:Food Science, Technology and Nutrition
Gaiak:
Etiketak: Etiketa erantsi
Etiketarik gabe, Izan zaitez lehena erregistro honi etiketa jartzen!

MARC

LEADER 00000nam a2200000 a 4500
001 UCM8545
003 CL-VaPUC
008 030321e20010000US |||||||||||||||||eng|d
082 0 4 |a 664.02  |b RIC  |2 21 
100 0 |a Richardson, Philip  |e author  |9 474622 
245 1 0 |a Thermal technologies in food processing 
300 |a 294 p 
942 |c BK 
945 |d 20030321 00:00:00  |a vberengu 
260 |a Boca Ratón  |b CRC  |c 2001 
650 0 |a Alimentos  |9 256203 
650 7 |a TECNOLOGIA DE ALIMENTOS  |2 CL-VaPUC  |9 474623 
583 |a last modification  |c 20030321 00:00:00  |k Rodrigo Vera 
490 0 |a Food Science, Technology and Nutrition 
999 |c 303018  |d 303016 
952 |0 0  |1 0  |2 ddc  |4 0  |6 664_020000000000000_RIC_2001  |7 0  |8 A  |9 363930  |a BIBALI  |b BIBALI  |c GEN  |d 2019-11-21  |i 3884503  |o 664.02 RIC 2001  |p 3884503  |r 2025-01-20  |w 2019-11-21  |y BK  |k ALI